00471nam a2200157Ia 4500999001700000003000400017005001700021008004100038040000900079082001900088100003000107245005700137260006500194300000900259942004500268 c35140d35140OSt20201215104719.0190216s9999||||xx |||||||||||||| ||und|| coclc a954.003bGOV/I aGovernment Of India91019 0aIndia A Reference Annual 1967 /cGovernment Of India bMinistry Of Information And Broadcasting,c1967.aNew Delhi: a671p cREF2ddch954.003iGOV/Ik954.003mGOV/I